| 000 -LEADER |
| fixed length control field |
01532pab a2200169 454500 |
| 008 - FIXED-LENGTH DATA ELEMENTS--GENERAL INFORMATION |
| fixed length control field |
180718b2001 xxu||||| |||| 00| 0 eng d |
| 100 ## - MAIN ENTRY--PERSONAL NAME |
| Personal name |
Salka, William M. |
| 245 ## - TITLE STATEMENT |
| Title |
Urban-rural conflict over environmental policy in the Western United States |
| 260 ## - PUBLICATION, DISTRIBUTION, ETC. |
| Date of publication, distribution, etc. |
2001 |
| 300 ## - PHYSICAL DESCRIPTION |
| Extent |
p.33-48 |
| 362 ## - DATES OF PUBLICATION AND/OR SEQUENTIAL DESIGNATION |
| Dates of publication and/or sequential designation |
Mar |
| 520 ## - SUMMARY, ETC. |
| Summary, etc. |
There has been considerable debate within the literature over the degree to which environmental conflict in the Western United States stems from tensions between urban and rural areas. A number of scholars have suggested that such conflict exists throughout the West; others have argued either that this urban-rural conflict does not exist or that conflict over environmental preferences stems from factors other than place of residence. This study uses voting on statewide environmental ballot measures, with countries as the unit of analysis, to investigate whether voters in urban and rural areas express different levels of support for environmental protection. When such differences are found, the study offers explanations. Findings suggest that urban countries do vote in support of environmental protection at significantly higher levels than rural countries but that demographic variables and economic conditions are more influential in determining those levels of support than is the urban or rural nature of the country. - Reproduced |
| 650 ## - SUBJECT ADDED ENTRY--TOPICAL TERM |
| Topical term or geographic name entry element |
Environmental policy - United States |
| 650 ## - SUBJECT ADDED ENTRY--TOPICAL TERM |
| Topical term or geographic name entry element |
Environmental policy |
| 773 ## - HOST ITEM ENTRY |
| Main entry heading |
American Review of Public Administration |
| 909 ## - |
| -- |
48389 |